Southville International School and Colleges
Your cart is empty.
  • Cart
  • Lists
    Public lists list_1 View all
    Your lists Log in to create your own lists
  • Log in to your account
  • Your cookies
  • Search history
Southville International School and Colleges
  • Advanced search
  • Recent comments
  • Most popular
  • Libraries

Log in to your account

Log in with GOOGLE


If you do not have an external account, but do have a local account, you can still log in:

  1. Home
  2. MARC view: Teamwork and project management /
Normal view MARC view ISBD view

Teamwork and project management / (Record no. 289006)

[ view plain ]
MARC details
000 -LEADER
fixed length control field 01254cam a2200337 i 4500
001 - CONTROL NUMBER
control field 17735353
003 - CONTROL NUMBER IDENTIFIER
control field PILC
005 - DATE AND TIME OF LATEST TRANSACTION
control field 20151203134347.0
008 - FIXED-LENGTH DATA ELEMENTS--GENERAL INFORMATION
fixed length control field 130513s2014 nyua b 001 0 eng
010 ## - LIBRARY OF CONGRESS CONTROL NUMBER
LC control number 2013015636
020 ## - INTERNATIONAL STANDARD BOOK NUMBER
International Standard Book Number 9780073534909 (alk. paper)
020 ## - INTERNATIONAL STANDARD BOOK NUMBER
Cancelled/invalid ISBN 0073534909 (alk. paper)
040 ## - CATALOGING SOURCE
Original cataloging agency DLC
Language of cataloging eng
Transcribing agency DLC
Description conventions rda
Modifying agency DLC
042 ## - AUTHENTICATION CODE
Authentication code pcc
050 00 - LIBRARY OF CONGRESS CALL NUMBER
Classification number TA 190
Item number .Sm63 2014
082 00 - DEWEY DECIMAL CLASSIFICATION NUMBER
Classification number 658.4/04
100 1# - MAIN ENTRY--PERSONAL NAME
Personal name Smith, Karl A.
Fuller form of name (Karl Aldrich),
Dates associated with a name 1947-
245 10 - TITLE STATEMENT
Title Teamwork and project management /
Statement of responsibility, etc Karl A. Smith, University of Minnesota & Purdue University.
246 3# - VARYING FORM OF TITLE
Title proper/short title Team work and project management
250 ## - EDITION STATEMENT
Edition statement 4th edition.
260 ## - PUBLICATION, DISTRIBUTION, ETC. (IMPRINT)
Place of publication, distribution, etc NY :
Name of publisher, distributor, etc McGraw-Hill,
Date of publication, distribution, etc 2014.
300 ## - PHYSICAL DESCRIPTION
Extent xii, 286 pages :
Other physical details illustrations ;
Dimensions 24 cm
500 ## - GENERAL NOTE
General note Includes bibliographical references and index.
650 #0 - SUBJECT ADDED ENTRY--TOPICAL TERM
Topical term or geographic name as entry element Engineering management.
650 #0 - SUBJECT ADDED ENTRY--TOPICAL TERM
Topical term or geographic name as entry element Teams in the workplace.
650 #0 - SUBJECT ADDED ENTRY--TOPICAL TERM
Topical term or geographic name as entry element Project management.
700 1# - ADDED ENTRY--PERSONAL NAME
Personal name Imbrie, P. K.
906 ## - LOCAL DATA ELEMENT F, LDF (RLIN)
a 7
b cbc
c orignew
d 1
e ecip
f 20
g y-gencatlg
942 ## - ADDED ENTRY ELEMENTS (KOHA)
Source of classification or shelving scheme Library of Congress Classification
Koha item type Books
Call number prefix Foreign
Holdings
Withdrawn status Lost status Source of classification or shelving scheme Damaged status Home library Current library Shelving location Date acquired Source of acquisition Cost, normal purchase price Total Checkouts Full call number Barcode Date last seen Date checked out Price effective from Koha item type
    Library of Congress Classification   College Library College Library Reserve Section 12/03/2015 Library Fund 1798.00 1 TA 190 .Sm63 2014 C20301 05/15/2018 02/05/2018 12/03/2015 Books

Teamwork and project management /

APA

Smith K. A., Imbrie P. K., . (2014). Teamwork and project management. NY: McGraw-Hill.

Chicago

Smith Karl A, Imbrie P K, . 2014. Teamwork and project management. NY: McGraw-Hill.

Harvard

Smith K. A., Imbrie P. K., . (2014). Teamwork and project management. NY: McGraw-Hill.

MLA

Smith Karl A, Imbrie P K, . Teamwork and project management. NY: McGraw-Hill. 2014.

  • Place hold
  • Print
  • Cite
  • Add to your cart (remove)
  • Save record
    BIBTEX Dublin Core MARCXML MARC (non-Unicode/MARC-8) MARC (Unicode/UTF-8) MARC (Unicode/UTF-8, Standard) MODS (XML) RIS
  • More searches
    Search for this title in:
    Other Libraries (WorldCat) Other Databases (Google Scholar) Online Stores (Bookfinder.com) Open Library (openlibrary.org)

Exporting to Dublin Core...

SOUTHVILLE LIBRARY

Southville International School and Colleges Library

1281 Tropical Ave. Cor. Luxembourg St., BF Homes International, Las Pinas City

Tel. No. 8256374 / 252358 Loc. 117/146

Powered by Koha